000 00413nam a2200157Ia 4500
999 _c637
_d637
020 _a0-333-37261-1
082 _aRR 004.03 MAC-
100 _aLongley, Dennis
245 0 _aMacmillan dictionary of information technology
250 _a2nd
260 _aLondon
_bMacmillan
_c1985
300 _a380p.
650 _aInformation storage and retrieval systems - Dictionaries
700 _aShain, Michael
942 _cBK